¿ Cómo quisieran los alumnos que fueramos nosotros? (Record no. 79517)

MARC details
000 -CABECERA
campo de control de longitud fija 00532nam a2200205 a 4500
005 - FECHA Y HORA DE LA ÚLTIMA TRANSACCIÓN
campo de control 20210219153535.0
008 - ELEMENTOS DE LONGITUD FIJA--INFORMACIÓN GENERAL
campo de control de longitud fija 991125n 000 0 spa u
035 ## - NÚMERO DE CONTROL DEL SISTEMA
Número de control de sistema UPN01000105556
100 1# - ASIENTO PRINCIPAL--NOMBRE PERSONAL
Nombre de persona Pérez Rivera, Arnulfo
222 ## - TÍTULO CLAVE
Título clave EDUCACION DOSMIL
245 ## - MENCIÓN DE TÍTULO
Título ¿ Cómo quisieran los alumnos que fueramos nosotros?
260 ## - PUBLICACIÓN, DISTRIBUCIÓN, ETC.
Lugar de publicación, distribución, etc. México
300 ## - DESCRIPCIÓN FÍSICA
Extensión 10
362 0# - FECHAS DE PUBLICACIÓN Y/O DESIGNACIÓN SECUENCIAL
Fecha de publicación y/o designación secuencial 1983 Año 1, no. 9, dic.
653 0# - TERMINO DE INDIZACION - NO CONTROLADO
Término no controlado ALUMNOS
653 0# - TERMINO DE INDIZACION - NO CONTROLADO
Término no controlado MAESTROS
653 0# - TERMINO DE INDIZACION - NO CONTROLADO
Término no controlado PSICOLOGIA EVOLUTIVA
904 ## - ELEMENTOS DE DATOS D LOCAL, LDD (RLIN)
a AC
b 043367
905 ## - TIPO DE MATERIAL
Tipo de material Articulo

No items available.